000 00291nam a2200121Ia 4500
008 220204s9999 xx 000 0 und d
082 _a621.38
_bJOW
100 _aC E
245 0 _aElectronic engineering processes
260 _aLondon
_bBusiness
_c1972
650 _aElectronics
942 _cBK
999 _c36326
_d36326